000 00404nab a2200145Ia 4500
003 ES-SlBCS
005 20210601124917.0
008 140529s1971 xxu||||| |||| 00| 0 eng d
041 _aeng
100 1 _aGoldstick, Dan
_9138703
245 0 0 _aAssesing Utilities
_c Dan Goldstick
650 0 4 _aÉtica Utilitarista
_9151324
773 0 _tMind
_gvol. 80, nº. 320, 1971, págs. 531-541
_wRev1408
942 _cAR
999 _c521555
_d521555